000 01292nam a22002177a 4500
003 OSt
005 20250930150243.0
008 241213t2008 ag |||||r|||| 00| f spa d
020 _a978-958-704-674-8
040 _cAR-RoUNCS
_aAR-RoUNCS
080 _082-31(460)
100 1 _aGallego García, Laura,
_d1977-
_eautor
245 1 3 _aLa emperatriz de los etéreos /
_cLaura Gallego García.
250 _a1a ed.
260 _aBuenos Aires :
_bAlfaguara,
_c2008.
520 3 _aCuentan que más allá de los Montes de Hielo, más allá de la Ciudad de Cristal, habita la Emperatriz de los Etéreos en un deslumbrante palacio. Dicen que es tan bella que nadie puede mirarla sin perder la razón. Solo los más osados intentan llegar hasta ella. Pero Bipa no cree en los cuentos de hadas. No le interesa nada más allá de las cuevas donde vive su gente. En cambio, su amigo Aer, el hijo del extranjero, parece que cada vez se aleja más de la realidad y va dejándose absorber por el brillo de la estrella azul... donde dicen que vive la Emperatriz de los Etéreos. ¿Por qué quiere partir si en el exterior solo hay hielo y, al parecer, lo único que se encuentra es la muerte?
650 4 _aLITERATURA
_zESPAÑOLA
650 4 _aLITERATURA
_vJUVENIL
655 4 _aNOVELA
942 _2udc
_cLPD
_n0
999 _c400
_d400